Find the odd logo out #1 - Statistics

General Stats
  • This quiz has been taken 104 times
  • The average score is 9 of 10
Answer Stats
Question Answer % Correct
Clothing brand
100%
Car Manufacturers
100%
Social media platforms
94%
Software companies
94%
Superheroes in DC Universe
88%
Food and beverages companies
88%
Premier League teams
88%
Manufacturers of mint consumables
81%
Fashion house 'V's
75%
Airline companies
56%
No matching quizzes found
Score Distribution
Percent of People with Each Score
Percentile by Number Answered
Your Score History
You have not taken this quiz